| 000 | 01773nam2a22003371 4500 | ||
|---|---|---|---|
| 001 | RU\NLR\19V\602112 | ||
| 005 | 20260406103729.0 | ||
| 035 | _a(NLR Aleph) 010348873 | ||
| 090 |
_a10737391 _c10737391 |
||
| 100 | _a20070727d1905 |||y0rusy50 ca | ||
| 101 | 0 |
_arus _afre |
|
| 102 | _aRU | ||
| 105 | _ac z |||ga | ||
| 200 | 1 |
_aПолное собрание стихотворений _eДрамы, поэмы, повести, былины, баллады, притчи, песни, очерки _eС портр. _e1855-1865 |
|
| 210 |
_d1905 _aБ. м. |
||
| 215 |
_aXVI, 368 с., 1 л. фронт. (портр.) _d22 |
||
| 327 |
_aС. III-IV: Предисл. / кн. Д. Цертелев _aС. IX-XVI: Автобиографический очерк (парал. рус., фр. яз.) |
||
| 461 | 0 |
_1001v19\rc\1501568 _12001#$aПолное собрание сочинений$e[С автобиогр. очерком]$f[Соч.] Гр. А.К. Толстого$g[Под ред. Д.Н. Цертелева]$vТ. 1 _95622978 _aТолстой, А. К. (1817-1875) _cСанкт-Петербург _d1905 _f[Соч.] Гр. А.К. Толстого _nизд. кн. скл. М.М. Стасюлевича _o[С автобиогр. очерком] _p4 т. _tПолное собрание сочинений _vТ. 1 |
|
| 702 | 1 |
_4080 _7ca _8rus _aЦертелев _bД. Н. _f1852-1911 _gДмитрий Николаевич _974409 _3RU\NLR\AUTH\7791482 |
|
| 801 | 0 |
_aRU _bNLR _c20070727 _gpsbo |
|
| 801 | 1 |
_aRU _bNLR _c20070727 _2rusmarc |
|
| 801 | 2 |
_aRU _bNLR _c20110503 _2rusmarc |
|
| 852 |
_aNLR _jDesideratum |
||
| 899 |
_aRuMoRGB _jA 268/64 |
||
| 899 | _aБАН | ||
| 899 |
_aRuMoRGB _jA 273/147 |
||
| 899 | _aНБ СПбГУ | ||
| 899 | _aНБ МГУ (1) | ||
| 942 | _cBOOK | ||
| 980 | _aNB | ||